God's rainbow /

Hlavní autor: Durych, Jaroslav, 1886-1962
Další autoři: Short, David, 1943-, Chitnis, Rajendra A., 1972-, Linka, Jan, 1971-
Jazyk: Angličtina
Vydáno: Prague : Karolinum Press, [2016]
Edice: Modern Czech classics
Témata:
Externí odkaz: Digitalizovaný dokument
Fyzický popis: 256 stran : barevné ilustrace ; 19 cm
Knihy
Uloženo v:
LEADER 01759nam a2200457 i 4500
001 nkc20162843122
003 CZ PrNK
005 20250731141800.0
007 ta
008 161026t20162016xr a g 000 j eng
015 |a cnb002843122 
020 |a 978-80-246-3291-9  |q (vázáno) 
035 |a (OCoLC)965748191 
040 |a ABA001  |b cze  |e rda 
041 1 |a eng  |h cze 
072 7 |a 821.162.3-3  |x Česká próza  |2 Konspekt  |9 25 
080 |a 821.162.3-32  |2 MRF 
080 |a (0:82-32)  |2 MRF 
100 1 |a Durych, Jaroslav,  |d 1886-1962  |7 jk01023358  |4 aut 
240 1 0 |a Boží duha.  |l Anglicky  |7 aun2016931910 
245 1 0 |a God's rainbow /  |c Jaroslav Durych ; translated from the Czech by David Short ; afterword by Rajendra A. Chitnis and Jan Linka 
264 1 |a Prague :  |b Karolinum Press,  |c [2016] 
264 4 |c ©2016 
300 |a 256 stran :  |b barevné ilustrace ;  |c 19 cm 
336 |a text  |b txt  |2 rdacontent 
337 |a bez média  |b n  |2 rdamedia 
338 |a svazek  |b nc  |2 rdacarrier 
490 1 |a Modern Czech classics 
655 7 |a české novely  |7 fd133969  |2 czenas 
655 9 |a Czech novellas  |2 eczenas 
700 1 |a Short, David,  |d 1943-  |7 jn19990007506  |4 trl 
700 1 |a Chitnis, Rajendra A.,  |d 1972-  |7 xx0071827  |4 waw 
700 1 |a Linka, Jan,  |d 1971-  |7 xx0012804  |4 waw 
830 0 |a Modern Czech classics  |0 s 
856 4 1 |u http://www.digitalniknihovna.cz/mzk/uuid/uuid:e365da30-0ed7-11e7-968f-005056827e51  |y Digitalizovaný dokument  |x NDK 
910 |a BOA001  |b 1-1377.103 
990 |a BK 
995 |a 01 
991 |b 201611  |c NOV 
996 6 |b 2610687342  |c 1-1377.103  |l MZK  |r Sklad / do 1 hodiny  |n 0  |p p.v.  |w 001586367  |u 000010  |a 1  |e BOA001  |j MZK50  |s P 
996 7 |b 2610701521  |c 1-1377.103  |l MZK  |r Sklad / do 1 hodiny  |n 0  |p dar  |w 001586367  |u 000020  |a 1  |e BOA001  |j MZK50  |s A